Statistics for Countries that have a Brazilian embassy

Click here to take the quiz!

General Stats

  • This quiz has been taken 12 times
  • The average score is 92 of 130

Answer Stats

Answer% Correct
Argentina
100%
Belize
100%
Chile
100%
Colombia
100%
Costa Rica
100%
Paraguay
100%
Algeria
90%
Austria
90%
Belgium
90%
Bolivia
90%
Bulgaria
90%
Canada
90%
China
90%
Dominican Republic
90%
Egypt
90%
Finland
90%
France
90%
Greece
90%
Guyana
90%
India
90%
Indonesia
90%
South Africa
90%
Suriname
90%
United Kingdom
90%
United States
90%
Uruguay
90%
Venezuela
90%
Angola
80%
Bangladesh
80%
Barbados
80%
Bosnia and Herzegovina
80%
Croatia
80%
Cuba
80%
Czechia
80%
Ecuador
80%
El Salvador
80%
Ethiopia
80%
Guatemala
80%
Haiti
80%
Honduras
80%
Iraq
80%
Ireland
80%
Italy
80%
Japan
80%
Malaysia
80%
Morocco
80%
Netherlands
80%
Nicaragua
80%
Norway
80%
Oman
80%
Pakistan
80%
Panama
80%
Peru
80%
Poland
80%
Portugal
80%
Romania
80%
Russia
80%
Saudi Arabia
80%
South Korea
80%
Spain
80%
Sweden
80%
Switzerland
80%
Turkey
80%
Albania
70%
Australia
70%
Bahamas
70%
Belarus
70%
Denmark
70%
Iran
70%
Israel
70%
Jordan
70%
Kazakhstan
70%
Mexico
70%
Myanmar
70%
Namibia
70%
Qatar
70%
Saint Lucia
70%
Serbia
70%
Singapore
70%
Slovakia
70%
Slovenia
70%
Sri Lanka
70%
Sudan
70%
Syria
70%
Thailand
70%
Trinidad and Tobago
70%
Ukraine
70%
United Arab Emirates
70%
Vietnam
70%
Armenia
60%
Azerbaijan
60%
D.R Congo
60%
Estonia
60%
Georgia
60%
Germany
60%
Nepal
60%
North Korea
60%
Bahrain
50%
Benin
50%
Botswana
50%
Cameroon
50%
Cyprus
50%
East Timor
50%
Gabon
50%
Hungary
50%
Jamaica
50%
Kenya
50%
Kuwait
50%
Lebanon
50%
Mali
50%
Mauritania
50%
New Zealand
50%
Philippines
50%
Rep. of the Congo
50%
Senegal
50%
Tanzania
50%
Tunisia
50%
Zambia
50%
Zimbabwe
50%
Burkina Faso
40%
Equatorial Guinea
40%
Guinea
40%
Guinea-Bissau
40%
Ivory Coast
40%
Mozambique
40%
Nigeria
40%
Togo
40%
Ghana
30%
São Tomé and Príncipe
30%
Cape Verde
20%

Score Distribution

Percentile by Number Answered

Percent of People with Each Score

Your Score History

You have not taken this quiz